000 00539nam a2200193Ia 4500
003 GCL
008 140319s9999 xx 000 0 ara d
040 _aGCL /
_cGCL
082 0 4 _a967
_bخ ص
100 1 _aخالد رياض
245 1 0 _aالصومال الوعى الغائب /
_cخالد رياض
700 1 _aاحمد يوسف احمد
260 _a[S.N] :
_bدار الامين للنشر والتوزيع ،
_c1994
300 _a236 ص
490 _a
650 0 4 _aتاريخ
650 0 4 _aالصومال
942 _2ddc
_cBK
999 _c37929
_d37929